Normal view
MARC view
- Irshad Ullah Khan
Entry Personal Name
001 - CONTROL NUMBER
- control field: 81003
003 - CONTROL NUMBER IDENTIFIER
- control field: NUST
005 - DATE AND TIME OF LATEST TRANSACTION
- control field: 20210713140933.0
008 - FIXED-LENGTH DATA ELEMENTS
- fixed length control field: 210713|| aca||aabn | a|a d
040 ## - CATALOGING SOURCE
- Original cataloging agency: NUST
- Transcribing agency: NUST
100 ## - HEADING--PERSONAL NAME
- Personal name: Irshad Ullah Khan
670 ## - SOURCE DATA FOUND
- Source citation: Work cat.: (NUST)5249: Irshad Ullah Khan, This nuclear night of winter light, 2001.
